RHTest for human resources and personnel management, 5/e by Werther for use with the IBM and compatible personal computers with 3.5" disk drives
Αποθηκεύτηκε σε:
| Μορφή: | Βιβλίο |
|---|---|
| Γλώσσα: | English |
| Θέματα: | |
| Ετικέτες: |
Προσθήκη ετικέτας
Δεν υπάρχουν, Καταχωρήστε ετικέτα πρώτοι!
|
MARC
| LEADER | 00000cam a2200000 i 4500 | ||
|---|---|---|---|
| 001 | 1/59872 | ||
| 008 | 980602s1993 eng d | ||
| 020 | |a 0078426464 | ||
| 035 | |l 10028615 | ||
| 040 | |a GR-MY-UA |b gre |e aacr | ||
| 041 | 0 | |a eng | |
| 082 | 0 | |a 658.3 | |
| 245 | 1 | 0 | |a RHTest for human resources and personnel management, 5/e by Werther/Davis : |b for use with the IBM and compatible personal computers with 3.5" disk drives |
| 300 | |e 2 disks 3.5" | ||
| 650 | 0 | 0 | |a Personnel management |x Examinations. |
| 852 | |a INST |b CHIOS |e 19980602 |h 658.3 RHT |p 005200016381 |q 005200016381 |t BK |y 600 | ||
| 852 | |a INST |b CHIOS |e 19981103 |h 658.3 RHT |p 005200015357 |q 005200015357 |t BK |y 0 | ||
| 852 | |a INST |b CHIOS |e 19981103 |h 658.3 RHT |p 005200015356 |q 005200015356 |t BK |y 0 | ||
| 901 | |a BIBL-1998-2 | ||
| 909 | |a Χ |b 054556 | ||
| 909 | |a Χ |b 054557 | ||
| 909 | |a Χ |b 054557 | ||
| 922 | |a 2ΕΛΗ |b 199803 |c ΤΔΕ |d ΠΑΠΑΣΩΤΗΡΙΟΥ | ||